000 00680nam a2200241Ia 4500
001 12254
003 GE_BSU
008 181216s||||||||xx |||||||||||||| ||und||
020 _a5225041795
040 _cGE_BSU
080 _a615.82(035.3)
245 _aЛечебная физическая культура
245 _bСправочник
245 _cПод.ред. В.А.Епифанова
250 _a2-ое дополн.и перераб.
260 _aМосква
260 _bМедицина
260 _c2004
300 _a592стр.илл.21см.
541 _h96Л.
653 _aЛечебная физическая культура
942 _cBK
999 _c45430
_d45430